Marketing plan for a selected company bakalárska práca

Gespeichert in:
Bibliographische Detailangaben
1. Verfasser: Lehocká, Eva
Körperschaft: Fakulta podnikového manažmentu EU. Katedra manažmentu
Weitere Verfasser: Horváthová, Kristína, 1995-
Format: Buch
Sprache:Englisch
Veröffentlicht: Bratislava 2025
Tags: Tag hinzufügen
Keine Tags, Fügen Sie das erste Tag hinzu!

MARC

LEADER 00000nbm a2200000 4500
001 0309803
005 20260219085215.0
041 0 |a eng 
044 |a SK 
245 1 0 |a Marketing plan for a selected company  |b bakalárska práca  |c Eva Lehocká ; školiteľ: Kristína Horváthová 
264 1 |a Bratislava  |c 2025 
300 |a 67 s. 
100 1 |a Lehocká, Eva 
700 1 |a Horváthová, Kristína, 1995- 
710 2 |a Fakulta podnikového manažmentu EU. Katedra manažmentu